Countries with the Highest Cancer Death Rates - Statistics

General Stats
  • This quiz has been taken 14 times
  • The average score is 8 of 20
Answer Stats
Country Death Rate % Correct
Serbia 158.43
71%
Lithuania 141.51
64%
North Macedonia 148.96
64%
Poland 147.81
64%
Romania 141.06
64%
Croatia 147.88
57%
Hungary 162.44
57%
Latvia 144.34
57%
Mongolia 194.38
50%
Slovakia 157.25
50%
Kenya 144.32
29%
Tonga 153.89
29%
Malawi 147.04
21%
Kiribati 176.62
14%
Papua New Guinea 156.12
14%
Uruguay 152.65
14%
Zimbabwe 167.05
14%
F.S. Micronesia 159.93
7%
Grenada 155.25
7%
Seychelles 161.16
7%
No matching quizzes found
Score Distribution
Percent of People with Each Score
Percentile by Number Answered
Your Score History
You have not taken this quiz